Injekce do zdravotnictví Proč ČR potřebuje komerční zdravotní pojištění?
Výhody a nevýhody systému verejného zdravotníctva v ČR. Implementácia komerčného zdravotného poistenia do legislatívy. Typy doplnkových poistení pre komfort v Európe.
Salvato in:
| Autore principale: | |
|---|---|
| Natura: | Capitolo di libro |
| Lingua: | ceco |
| Soggetti: | |
| Tags: |
Nessun Tag, puoi essere il primo ad aggiungerne!!
|
MARC
| LEADER | 00000naa a2200000 4500 | ||
|---|---|---|---|
| 001 | 0304407 | ||
| 005 | 20241002133046.7 | ||
| 041 | 0 | |a cze | |
| 044 | |a CZ | ||
| 245 | 1 | 0 | |a Injekce do zdravotnictví |b Proč ČR potřebuje komerční zdravotní pojištění? |c Aleš Rod |
| 520 | |a Výhody a nevýhody systému verejného zdravotníctva v ČR. Implementácia komerčného zdravotného poistenia do legislatívy. Typy doplnkových poistení pre komfort v Európe. | ||
| 610 | 2 | 0 | |a zdravotníctvo |
| 610 | 2 | 0 | |a poistenie zdravotné |
| 610 | 2 | 0 | |a poisťovne komerčné |
| 610 | 2 | 0 | |a pacienti |
| 610 | 2 | 0 | |a starostlivosť zdravotná |
| 100 | 1 | |a Rod, Aleš | |